Mangas et anime - Quiz par lettre - S - Statistiques

Statistiques générales
  • Ce quiz a été pris 412 fois
  • Le résultat moyen est 12 sur 20
Statistiques - réponses
Indice Réponse % Correct
Protagoniste de Dragon Ball Son Goku
97%
Cuisinier de l'Équipage du Chapeau de Paille, dans One Piece Sanji Vinsmoke
89%
Animal associé à Orochimaru dans Naruto Serpent
86%
Manga destinés aux jeunes garçons Shonen
85%
Manga sur un espion qui doit fonder une famille factice pour approcher un ennemi dangereux Spy x Family
80%
Manga de basket dont le héros se nomme Hanamichi Sakuragi Slam Dunk
77%
Manga destinés aux jeunes filles Shojo
75%
On le connait aussi sous le nom de Nanatsu no Taizai Seven Deadly Sins
73%
Quartier de Tokyo au cœur de la deuxième saison de l'anime de Jujutsu Kaisen Shibuya
69%
Manga sur un ex tueur à gages devenu gérant de supérette Sakamoto Days
63%
Nom japonais des Chevaliers du Zodiaque Saint Seiya
58%
Kenshin (Kenshin le Vagabond) ou Gintoki (Gintama) en sont deux célèbres Samouraï
55%
Dans Bleach, c'est le quartier général des Shinigami Soul Society
54%
Sport pratiqué dans WAVE!! Surf
53%
Nom du protagoniste de Kingdom Shin
44%
"Comédien de doublage" en japonais Seiyu
42%
Complétez ces titres de manga: Cardcaptor ______, ______ Wars Sakura
37%
Manga de magical girl dont la protagoniste se nomme Usagi Tsukino Sailor Moon
35%
Art martial pratiqué par Hinomaru dans le manga qui porte son nom Sumo
28%
Manga dans lequel des élèves du lycée Shibusen doivent apprendre à devenir des Meisters Soul Eater
19%
Aucun quiz correspondant
Distribution des résultats
% des personnes avec chaque résultat
Percentile par nombre de réponses
Votre historique - résultats
Vous n’avez pas pris ce quiz